THERMODYNAMICS (Record no. 4983)

MARC details
000 -LEADER
fixed length control field 00399nam a22001697a 4500
005 - DATE AND TIME OF LATEST TRANSACTION
control field 20250521102725.0
008 - FIXED-LENGTH DATA ELEMENTS--GENERAL INFORMATION
fixed length control field 160701b xxu||||| |||| 00| 0 eng d
020 ## - INTERNATIONAL STANDARD BOOK NUMBER
ISBN 978-93-80027-66-1
041 ## - LANGUAGE CODE
Language code of text/sound track or separate title eng
082 ## - DEWEY DECIMAL CLASSIFICATION NUMBER
Item number 621.402
100 ## - MAIN ENTRY--AUTHOR NAME
Personal name Kumar, Dr. D S
245 ## - TITLE STATEMENT
Title THERMODYNAMICS
260 ## - PUBLICATION, DISTRIBUTION, ETC. (IMPRINT)
Name of publisher S.K. Kataria & Sons
Year of publication 2011
300 ## - PHYSICAL DESCRIPTION
Number of Pages 478;P
650 ## - SUBJECT ADDED ENTRY--TOPICAL TERM
Topical Term Diploma Engineering
942 ## - ADDED ENTRY ELEMENTS (KOHA)
Koha item type Books
Holdings
Lost status Damaged status Collection code Home library Current library Shelving location Date acquired Cost, normal purchase price Full call number Accession Number Koha item type
    MINING JRU Library JRU Library SHELF-58-B 01/07/2016 275.00 17396 17396 Books
    MINING JRU Library JRU Library SHELF-58-B 01/07/2016 275.00 621.4021 17397 Books
      JRU Library   SHELF-37-M 01/07/2016 275.00 17396 17398 Books
      JRU Library   SHELF-37-M 01/07/2016 275.00 17396 17399 Books
    MINING JRU Library JRU Library SHELF-58-B 01/07/2016 275.00 17396 17400 Books
      JRU Library   SHELF-37-M 01/07/2016 275.00 17396 17401 Books
      JRU Library   SHELF-37-M 01/07/2016 275.00 17396 17402 Books
      JRU Library   SHELF-37-M 01/07/2016 275.00 17396 17403 Books
    MINING JRU Library JRU Library SHELF-58-B 01/07/2016 275.00 17396 17404 Books
    MINING JRU Library JRU Library SHELF-58-B 01/07/2016 275.00 17396 17405 Books
    MINING JRU Library JRU Library SHELF-58-B 01/07/2016 275.00 17396 17406 Books
    MINING JRU Library JRU Library SHELF-58-B 01/07/2016 275.00 17396 17407 Books
    MINING JRU Library JRU Library SHELF-58-B 01/07/2016 275.00 621.4021 17408 Books
      JRU Library   SHELF-37-M 01/07/2016 275.00 17396 17409 Books
    MINING JRU Library JRU Library SHELF-58-B 01/07/2016 275.00 17396 17410 Books